[Event "FIDE World Cup 2025"]
[Site "Goa, India"]
[Date "2025.11.01"]
[Round "1.28"]
[White "Mendonca, Leon Luke"]
[Black "Wang, Shixu B"]
[Result "1/2-1/2"]
[TimeControl ": 90 minutes for the first 40 moves, followed by 30 minutes for the rest of the gamewith an increment of 30 seconds per move starting from move 1"]
[WhiteFideId "35028561"]
[BlackFideId "8610665"]
[WhiteElo "2620"]
[BlackElo "2402"]

1. c4 {[%clk 01:30:40]} {[%emt 00:00:19]} e6 {[%clk 01:29:44]} {[%emt
00:01:16]} 2. g3 {[%clk 01:30:51]} {[%emt 00:00:19]} d5 {[%clk 01:29:40]}
{[%emt 00:00:35]} 3. Bg2 {[%clk 01:31:14]} {[%emt 00:00:07]} Nf6 {[%clk
01:29:31]} {[%emt 00:00:38]} 4. Nf3 {[%clk 01:31:37]} {[%emt 00:00:08]} Be7
{[%clk 01:29:46]} {[%emt 00:00:15]} 5. O-O {[%clk 01:31:46]} {[%emt 00:00:20]}
O-O {[%clk 01:30:06]} {[%emt 00:00:09]} 6. d4 {[%clk 01:31:03]} {[%emt
00:01:14]} dxc4 {[%clk 01:26:12]} {[%emt 00:04:25]} 7. Qc2 {[%clk 01:31:02]}
{[%emt 00:00:31]} a6 {[%clk 01:26:33]} {[%emt 00:00:09]} 8. a4 {[%clk
01:30:56]} {[%emt 00:00:35]} Bd7 {[%clk 01:26:17]} {[%emt 00:00:46]} 9. Qxc4
{[%clk 01:30:59]} {[%emt 00:00:28]} Bc6 {[%clk 01:26:33]} {[%emt 00:00:14]} 10.
Bg5 {[%clk 01:30:58]} {[%emt 00:00:30]} Nbd7 {[%clk 01:25:03]} {[%emt
00:02:00]} 11. Rd1 {[%clk 01:29:12]} {[%emt 00:02:16]} h6 {[%clk 01:22:31]}
{[%emt 00:03:02]} 12. Bxf6 {[%clk 01:29:30]} {[%emt 00:00:12]} Nxf6 {[%clk
01:22:42]} {[%emt 00:00:19]} 13. Nbd2 {[%clk 01:29:06]} {[%emt 00:00:54]} Qb8
{[%clk 01:09:02]} {[%emt 00:14:10]} 14. Qc2 {[%clk 01:09:29]} {[%emt 00:20:07]}
Rd8 {[%clk 01:01:08]} {[%emt 00:08:24]} 15. e3 {[%clk 01:01:25]} {[%emt
00:08:35]} Qa7 {[%clk 00:59:17]} {[%emt 00:02:19]} 16. a5 {[%clk 00:50:43]}
{[%emt 00:11:14]} Rac8 {[%clk 00:55:34]} {[%emt 00:04:11]} 17. Nc4 {[%clk
00:48:45]} {[%emt 00:02:31]} b5 {[%clk 00:34:00]} {[%emt 00:22:04]} 18. Nce5
{[%clk 00:46:12]} {[%emt 00:03:03]} Be8 {[%clk 00:34:11]} {[%emt 00:00:19]} 19.
Nc6 {[%clk 00:44:03]} {[%emt 00:02:39]} Bxc6 {[%clk 00:34:34]} {[%emt
00:00:07]} 20. Qxc6 {[%clk 00:44:29]} {[%emt 00:00:04]} Rd6 {[%clk 00:34:13]}
{[%emt 00:00:51]} 21. Ne5 {[%clk 00:43:42]} {[%emt 00:01:17]} Ng4 {[%clk
00:27:27]} {[%emt 00:07:15]} 22. Qb7 {[%clk 00:37:40]} {[%emt 00:06:32]} Qxb7
{[%clk 00:27:41]} {[%emt 00:00:17]} 23. Bxb7 {[%clk 00:38:04]} {[%emt
00:00:06]} Rb8 {[%clk 00:28:06]} {[%emt 00:00:04]} 24. Nxg4 {[%clk 00:38:17]}
{[%emt 00:00:18]} Rxb7 {[%clk 00:27:40]} {[%emt 00:00:56]} 25. Ne5 {[%clk
00:37:45]} {[%emt 00:01:02]} f6 {[%clk 00:13:39]} {[%emt 00:14:31]} 26. Nd3
{[%clk 00:36:53]} {[%emt 00:01:22]} b4 {[%clk 00:11:44]} {[%emt 00:02:26]} 27.
Rdc1 {[%clk 00:31:00]} {[%emt 00:06:23]} Kf7 {[%clk 00:10:54]} {[%emt
00:01:20]} 28. Kf1 {[%clk 00:17:38]} {[%emt 00:13:52]} Rd5 {[%clk 00:07:38]}
{[%emt 00:03:46]} 29. Rc6 {[%clk 00:13:54]} {[%emt 00:04:14]} Ra7 {[%clk
00:07:52]} {[%emt 00:00:16]} 30. Ke2 {[%clk 00:13:04]} {[%emt 00:01:21]} Bd6
{[%clk 00:07:57]} {[%emt 00:00:24]} 31. Rc4 {[%clk 00:04:46]} {[%emt 00:08:49]}
Rb5 {[%clk 00:08:12]} {[%emt 00:00:14]} 32. e4 {[%clk 00:04:14]} {[%emt
00:01:02]} g5 {[%clk 00:07:50]} {[%emt 00:00:52]} 33. Ke3 {[%clk 00:03:59]}
{[%emt 00:00:46]} g4 {[%clk 00:07:46]} {[%emt 00:00:34]} 34. e5 {[%clk
00:02:36]} {[%emt 00:01:53]} fxe5 {[%clk 00:06:50]} {[%emt 00:01:26]} 35. dxe5
{[%clk 00:03:04]} {[%emt 00:00:02]} Bxe5 {[%clk 00:07:09]} {[%emt 00:00:10]} 36.
Rxg4 {[%clk 00:03:30]} {[%emt 00:00:05]} Bd6 {[%clk 00:05:42]} {[%emt
00:01:56]} 37. Rc4 {[%clk 00:01:48]} {[%emt 00:02:13]} Ra8 {[%emt 00:04:48]} 38.
Rc6 {[%clk 00:00:55]} Ke7 {[%clk 00:02:26]} {[%emt 00:00:49]} 39. Kd2 {[%clk
00:00:34]} {[%emt 00:00:51]} Kd7 {[%clk 00:02:28]} {[%emt 00:00:28]} 40. Rc4
{[%clk 00:01:03]} {[%emt 00:00:02]} Rf8 {[%clk 00:01:52]} {[%emt 00:01:06]} 41.
Ra4 {[%clk 00:12:52]} {[%emt 00:18:41]} Rff5 {[%clk 00:30:49]} {[%emt
00:01:33]} 42. f4 {[%clk 00:12:16]} {[%emt 00:01:06]} Rxa5 {[%clk 00:28:56]}
{[%emt 00:02:23]} 43. Rxa5 {[%clk 00:12:32]} {[%emt 00:00:14]} Rxa5 {[%clk
00:29:19]} {[%emt 00:00:05]} 44. Nxb4 {[%clk 00:12:37]} {[%emt 00:00:26]} Ra1
{[%clk 00:25:35]} {[%emt 00:04:14]} 45. Nd3 {[%clk 00:12:12]} {[%emt 00:00:56]}
Rh1 {[%clk 00:25:08]} {[%emt 00:00:56]} 46. Ra4 {[%clk 00:12:07]} {[%emt
00:00:36]} Rxh2+ {[%clk 00:25:01]} {[%emt 00:00:37]} 47. Ke3 {[%clk 00:12:29]}
{[%emt 00:00:07]} Rg2 {[%clk 00:25:18]} {[%emt 00:00:13]} 48. Kf3 {[%clk
00:12:55]} {[%emt 00:00:04]} Rd2 {[%clk 00:25:30]} {[%emt 00:00:19]} 49. Ke3
{[%clk 00:13:20]} {[%emt 00:00:05]} Rg2 {[%clk 00:25:55]} {[%emt 00:00:05]} 50.
Ke4 {[%emt 00:00:16]} 1/2-1/2

[Event "FIDE World Cup 2025"]
[Site "Goa, India"]
[Date "2025.11.01"]
[Round "1.29"]
[White "Tran, Thanh Tu"]
[Black "Salem, A.R. Saleh"]
[Result "0-1"]
[TimeControl ": 90 minutes for the first 40 moves, followed by 30 minutes for the rest of the gamewith an increment of 30 seconds per move starting from move 1"]
[WhiteFideId "12401404"]
[BlackFideId "9301348"]
[WhiteElo "2407"]
[BlackElo "2620"]

1. e4 {[%clk 01:30:29]} {[%emt 00:00:30]} c5 {[%clk 01:30:49]} {[%emt
00:00:11]} 2. Nf3 {[%clk 01:30:23]} {[%emt 00:00:36]} d6 {[%clk 01:31:11]}
{[%emt 00:00:09]} 3. d4 {[%clk 01:29:48]} {[%emt 00:01:05]} cxd4 {[%clk
01:31:33]} {[%emt 00:00:07]} 4. Nxd4 {[%clk 01:30:11]} {[%emt 00:00:07]} Nf6
{[%clk 01:31:57]} {[%emt 00:00:06]} 5. Nc3 {[%clk 01:30:31]} {[%emt 00:00:10]}
a6 {[%clk 01:32:20]} {[%emt 00:00:07]} 6. h3 {[%clk 01:29:24]} {[%emt
00:01:37]} e6 {[%clk 01:32:22]} {[%emt 00:00:29]} 7. g4 {[%clk 01:29:38]}
{[%emt 00:00:15]} Be7 {[%clk 01:32:38]} {[%emt 00:00:14]} 8. g5 {[%clk
01:28:58]} {[%emt 00:01:11]} Nfd7 {[%clk 01:33:01]} {[%emt 00:00:07]} 9. Bg2
{[%clk 01:28:20]} {[%emt 00:01:07]} Nc6 {[%clk 01:31:08]} {[%emt 00:02:23]} 10.
h4 {[%clk 01:24:02]} {[%emt 00:04:48]} O-O {[%clk 01:31:01]} {[%emt 00:00:37]}
11. b3 {[%clk 01:20:37]} {[%emt 00:03:55]} Re8 {[%clk 01:18:39]} {[%emt
00:12:52]} 12. Bb2 {[%clk 00:58:56]} {[%emt 00:22:11]} Bf8 {[%clk 01:18:11]}
{[%emt 00:00:58]} 13. Qd2 {[%clk 00:46:32]} {[%emt 00:12:55]} Nxd4 {[%clk
01:17:46]} {[%emt 00:00:55]} 14. Qxd4 {[%clk 00:44:33]} {[%emt 00:02:28]} b5
{[%clk 01:18:10]} {[%emt 00:00:07]} 15. O-O-O {[%clk 00:43:16]} {[%emt
00:01:46]} Bb7 {[%clk 01:16:23]} {[%emt 00:02:17]} 16. Kb1 {[%clk 00:39:21]}
{[%emt 00:04:26]} Rc8 {[%emt 00:05:45]} 17. f4 {[%clk 00:36:18]} Qb6 {[%clk
01:11:13]} {[%emt 00:03:57]} 18. Qd2 {[%clk 00:29:57]} {[%emt 00:06:51]} Nc5
{[%clk 01:09:11]} {[%emt 00:02:32]} 19. f5 {[%clk 00:21:19]} {[%emt 00:09:08]}
b4 {[%clk 01:02:29]} {[%emt 00:07:12]} 20. Na4 {[%clk 00:21:07]} {[%emt
00:00:42]} Nxa4 {[%clk 01:02:35]} {[%emt 00:00:25]} 21. bxa4 {[%clk 00:21:35]}
{[%emt 00:00:02]} Bc6 {[%clk 00:45:46]} {[%emt 00:17:19]} 22. g6 {[%clk
00:08:53]} {[%emt 00:13:12]} fxg6 {[%clk 00:39:30]} {[%emt 00:06:45]} 23. fxg6
{[%clk 00:08:55]} {[%emt 00:00:28]} Bxa4 {[%clk 00:39:02]} {[%emt 00:00:58]} 24.
Rc1 {[%clk 00:08:36]} {[%emt 00:00:49]} hxg6 {[%clk 00:28:11]} {[%emt
00:11:21]} 25. h5 {[%clk 00:08:19]} {[%emt 00:00:47]} gxh5 {[%clk 00:18:10]}
{[%emt 00:10:31]} 26. Rxh5 {[%clk 00:08:25]} {[%emt 00:00:24]} Rc3 {[%clk
00:18:33]} {[%emt 00:00:07]} 27. Qg5 {[%clk 00:04:46]} {[%emt 00:04:09]} Qe3
{[%clk 00:13:34]} {[%emt 00:05:30]} 28. Qh4 {[%clk 00:02:33]} {[%emt 00:02:43]}
Bxc2+ {[%clk 00:13:19]} {[%emt 00:00:45]} 29. Ka1 {[%clk 00:02:28]} {[%emt
00:00:35]} Bd3 {[%clk 00:10:14]} {[%emt 00:03:34]} 30. Re1 {[%clk 00:01:57]}
{[%emt 00:01:02]} Rec8 {[%clk 00:10:15]} {[%emt 00:00:29]} 31. Rh8+ {[%clk
00:00:47]} {[%emt 00:01:40]} Kf7 {[%clk 00:10:40]} {[%emt 00:00:05]} 32. Bxc3
{[%clk 00:00:34]} {[%emt 00:00:43]} Rxc3 {[%clk 00:11:08]} {[%emt 00:00:01]} 33.
Qh5+ {[%clk 00:00:31]} {[%emt 00:00:33]} Ke7 {[%clk 00:11:12]} {[%emt
00:00:26]} 34. Qh4+ {[%clk 00:00:32]} {[%emt 00:00:30]} Kd7 {[%clk 00:11:25]}
{[%emt 00:00:17]} 35. Qh1 {[%clk 00:00:33]} {[%emt 00:00:28]} Rc1+ {[%clk
00:11:39]} {[%emt 00:00:16]} 0-1

[Event "FIDE World Cup 2025"]
[Site "Goa, India"]
[Date "2025.11.01"]
[Round "1.30"]
[White "Indjic, Aleksandar"]
[Black "Schnaider, Ilan"]
[Result "1-0"]
[TimeControl ": 90 minutes for the first 40 moves, followed by 30 minutes for the rest of the gamewith an increment of 30 seconds per move starting from move 1"]
[WhiteFideId "911925"]
[BlackFideId "169013"]
[WhiteElo "2618"]
[BlackElo "2413"]

1. c4 {[%clk 01:30:42]} {[%emt 00:00:17]} c5 {[%clk 01:30:23]} {[%emt
00:00:38]} 2. Nf3 {[%clk 01:30:53]} {[%emt 00:00:19]} Nc6 {[%clk 01:30:27]}
{[%emt 00:00:26]} 3. Nc3 {[%clk 01:31:05]} {[%emt 00:00:17]} Nf6 {[%clk
01:30:21]} {[%emt 00:00:36]} 4. d4 {[%clk 01:30:55]} {[%emt 00:00:41]} cxd4
{[%clk 01:30:40]} {[%emt 00:00:11]} 5. Nxd4 {[%clk 01:31:18]} {[%emt 00:00:07]}
e6 {[%clk 01:30:57]} {[%emt 00:00:13]} 6. e4 {[%clk 01:29:36]} {[%emt
00:02:11]} Bb4 {[%clk 01:28:12]} {[%emt 00:03:15]} 7. Nxc6 {[%clk 01:29:56]}
{[%emt 00:00:11]} bxc6 {[%clk 01:28:37]} {[%emt 00:00:05]} 8. Bd3 {[%clk
01:30:19]} {[%emt 00:00:07]} e5 {[%clk 01:28:01]} {[%emt 00:01:06]} 9. O-O
{[%clk 01:30:37]} {[%emt 00:00:11]} O-O {[%clk 01:28:20]} {[%emt 00:00:11]} 10.
h3 {[%clk 01:26:02]} {[%emt 00:05:05]} h6 {[%clk 01:17:00]} {[%emt 00:11:50]}
11. f4 {[%clk 01:17:22]} {[%emt 00:09:10]} Bc5+ {[%clk 00:49:15]} {[%emt
00:28:15]} 12. Kh1 {[%clk 01:17:41]} {[%emt 00:00:10]} d6 {[%clk 00:49:21]}
{[%emt 00:00:24]} 13. Qf3 {[%clk 01:15:14]} {[%emt 00:02:57]} Rb8 {[%clk
00:42:13]} {[%emt 00:07:39]} 14. Rb1 {[%clk 01:15:34]} {[%emt 00:00:10]} a5
{[%clk 00:41:19]} {[%emt 00:01:25]} 15. b3 {[%clk 01:07:14]} {[%emt 00:08:49]}
exf4 {[%clk 00:29:07]} {[%emt 00:12:42]} 16. Bxf4 {[%clk 01:07:18]} {[%emt
00:00:26]} Bd4 {[%clk 00:29:22]} {[%emt 00:00:15]} 17. Bc2 {[%clk 01:04:41]}
{[%emt 00:03:06]} Qe7 {[%clk 00:26:09]} {[%emt 00:03:44]} 18. Rbd1 {[%clk
01:02:30]} {[%emt 00:02:41]} Be5 {[%clk 00:26:08]} {[%emt 00:00:31]} 19. Rf2
{[%clk 01:00:05]} {[%emt 00:02:55]} Re8 {[%clk 00:20:34]} {[%emt 00:06:04]} 20.
Rfd2 {[%clk 00:56:54]} {[%emt 00:03:40]} Nh5 {[%clk 00:18:31]} {[%emt
00:02:34]} 21. Bxe5 {[%clk 00:52:16]} {[%emt 00:05:08]} Qxe5 {[%clk 00:19:00]}
{[%emt 00:00:02]} 22. Ne2 {[%clk 00:51:40]} {[%emt 00:01:05]} d5 {[%clk
00:06:42]} {[%emt 00:12:48]} 23. cxd5 {[%clk 00:45:16]} {[%emt 00:06:55]} Ba6
{[%clk 00:06:45]} {[%emt 00:00:26]} 24. Bd3 {[%clk 00:17:10]} {[%emt 00:28:36]}
Bb7 {[%clk 00:01:49]} {[%emt 00:05:27]} 25. d6 {[%clk 00:16:34]} {[%emt
00:01:06]} Rbd8 {[%clk 00:01:37]} {[%emt 00:00:42]} 26. Bc4 {[%clk 00:13:44]}
{[%emt 00:03:19]} Rd7 {[%clk 00:02:05]} {[%emt 00:00:01]} 27. Qc3 {[%clk
00:12:51]} {[%emt 00:01:22]} Qg5 {[%clk 00:00:38]} {[%emt 00:01:59]} 28. Qf3
{[%clk 00:09:28]} {[%emt 00:03:53]} Qe5 {[%clk 00:01:06]} {[%emt 00:00:01]} 29.
Rf1 {[%clk 00:07:19]} {[%emt 00:02:39]} Nf6 {[%clk 00:01:11]} {[%emt 00:00:25]}
30. Ng3 {[%clk 00:07:43]} {[%emt 00:00:06]} Qg5 {[%clk 00:00:34]} {[%emt
00:01:08]} 31. Qf4 {[%clk 00:07:28]} {[%emt 00:00:42]} Re5 {[%clk 00:00:33]}
{[%emt 00:00:33]} 32. Qxg5 {[%clk 00:06:36]} {[%emt 00:01:22]} Rxg5 {[%clk
00:00:36]} {[%emt 00:00:27]} 33. Rxf6 {[%clk 00:07:00]} {[%emt 00:00:06]} gxf6
{[%clk 00:00:43]} {[%emt 00:00:23]} 34. Nf5 {[%clk 00:07:24]} {[%emt 00:00:06]}
c5 {[%clk 00:00:36]} {[%emt 00:00:38]} 35. h4 {[%clk 00:07:01]} {[%emt
00:00:52]} Rh5 {[%clk 00:00:32]} {[%emt 00:00:33]} 36. Be2 {[%clk 00:05:52]}
{[%emt 00:01:40]} Rxf5 {[%clk 00:00:32]} {[%emt 00:00:31]} 37. exf5 {[%clk
00:06:20]} {[%emt 00:00:02]} Be4 {[%clk 00:00:40]} {[%emt 00:00:22]} 38. Bb5
{[%clk 00:06:42]} {[%emt 00:00:08]} Rd8 {[%clk 00:01:00]} {[%emt 00:00:09]} 39.
d7 {[%clk 00:04:40]} {[%emt 00:02:31]} Bxf5 {[%clk 00:00:39]} {[%emt 00:00:52]}
40. Rd5 {[%clk 00:05:02]} {[%emt 00:00:08]} Be6 {[%clk 00:00:34]} {[%emt
00:00:36]} 41. Rxc5 {[%clk 00:05:26]} {[%emt 00:00:05]} Kf8 {[%clk 00:29:51]}
{[%emt 00:01:13]} 42. Ba4 {[%clk 00:35:49]} {[%emt 00:00:07]} Bxd7 {[%clk
00:28:59]} {[%emt 00:01:22]} 43. Rd5 {[%clk 00:35:29]} {[%emt 00:00:50]} Ke7
{[%clk 00:29:22]} {[%emt 00:00:07]} 44. Rxd7+ {[%clk 00:35:30]} {[%emt
00:00:29]} Rxd7 {[%clk 00:29:50]} {[%emt 00:00:03]} 45. Bxd7 {[%clk 00:35:52]}
{[%emt 00:00:07]} Kxd7 {[%clk 00:30:15]} {[%emt 00:00:05]} 46. Kh2 {[%clk
00:36:17]} {[%emt 00:00:05]} Kd6 {[%clk 00:30:21]} {[%emt 00:00:24]} 47. Kg3
{[%clk 00:36:40]} {[%emt 00:00:07]} Kc5 {[%clk 00:29:41]} {[%emt 00:01:10]} 48.
a3 {[%clk 00:36:50]} {[%emt 00:00:19]} Kd4 {[%clk 00:29:59]} {[%emt 00:00:13]}
49. Kg4 {[%clk 00:37:08]} {[%emt 00:00:12]} 1-0

[Event "FIDE World Cup 2025"]
[Site "Goa, India"]
[Date "2025.11.01"]
[Round "1.31"]
[White "Rojas Salas, Steven"]
[Black "Narayanan, S"]
[Result "1/2-1/2"]
[TimeControl ": 90 minutes for the first 40 moves, followed by 30 minutes for the rest of the gamewith an increment of 30 seconds per move starting from move 1"]
[WhiteFideId "3819434"]
[BlackFideId "5058422"]
[WhiteElo "2413"]
[BlackElo "2617"]

1. e4 {[%clk 01:30:52]} {[%emt 00:00:07]} c5 {[%clk 01:30:52]} {[%emt
00:00:08]} 2. Nf3 {[%clk 01:30:48]} {[%emt 00:00:33]} d6 {[%clk 01:31:15]}
{[%emt 00:00:08]} 3. c3 {[%clk 01:30:00]} {[%emt 00:01:19]} Nf6 {[%clk
01:31:35]} {[%emt 00:00:09]} 4. h3 {[%clk 01:30:12]} {[%emt 00:00:17]} Nc6
{[%clk 01:29:03]} {[%emt 00:03:04]} 5. Bd3 {[%clk 01:29:26]} {[%emt 00:01:16]}
g5 {[%clk 01:29:22]} {[%emt 00:00:10]} 6. Bc2 {[%clk 01:28:50]} {[%emt
00:01:05]} g4 {[%clk 01:29:45]} {[%emt 00:00:08]} 7. hxg4 {[%clk 01:29:14]}
{[%emt 00:00:06]} Bxg4 {[%clk 01:30:10]} {[%emt 00:00:05]} 8. d4 {[%clk
01:29:34]} {[%emt 00:00:10]} Qb6 {[%clk 01:28:24]} {[%emt 00:02:16]} 9. dxc5
{[%clk 01:15:45]} {[%emt 00:14:19]} dxc5 {[%clk 01:23:13]} {[%emt 00:05:41]} 10.
Na3 {[%clk 01:08:57]} {[%emt 00:07:18]} h5 {[%clk 01:11:11]} {[%emt 00:12:31]}
11. Qe2 {[%clk 01:03:18]} {[%emt 00:06:10]} O-O-O {[%clk 01:09:11]} {[%emt
00:02:30]} 12. Nc4 {[%clk 00:57:01]} {[%emt 00:06:47]} Qc7 {[%clk 01:08:53]}
{[%emt 00:00:48]} 13. Bg5 {[%clk 00:56:33]} {[%emt 00:00:59]} Rg8 {[%clk
00:55:30]} {[%emt 00:13:53]} 14. Bh4 {[%clk 00:52:38]} {[%emt 00:04:24]} Bh6
{[%clk 00:50:35]} {[%emt 00:05:24]} 15. Bg3 {[%clk 00:49:33]} {[%emt 00:03:37]}
Bf4 {[%clk 00:37:24]} {[%emt 00:13:41]} 16. Bxf4 {[%clk 00:47:53]} {[%emt
00:02:10]} Qxf4 {[%clk 00:37:49]} {[%emt 00:00:05]} 17. Qe3 {[%clk 00:48:10]}
{[%emt 00:00:12]} Qxe3+ {[%clk 00:37:19]} {[%emt 00:01:00]} 18. Nxe3 {[%clk
00:48:34]} {[%emt 00:00:06]} Bxf3 {[%clk 00:37:33]} {[%emt 00:00:16]} 19. gxf3
{[%clk 00:44:14]} {[%emt 00:04:51]} Ne5 {[%clk 00:34:32]} {[%emt 00:03:30]} 20.
f4 {[%clk 00:36:34]} {[%emt 00:08:10]} Ng6 {[%clk 00:31:51]} {[%emt 00:03:11]}
21. e5 {[%clk 00:36:37]} {[%emt 00:00:28]} Nd7 {[%clk 00:27:57]} {[%emt
00:04:23]} 22. Bxg6 {[%clk 00:27:37]} {[%emt 00:09:31]} fxg6 {[%clk 00:27:51]}
{[%emt 00:00:36]} 23. O-O-O {[%clk 00:16:15]} {[%emt 00:11:51]} Rdf8 {[%clk
00:23:21]} {[%emt 00:05:00]} 24. f5 {[%clk 00:14:36]} {[%emt 00:02:10]} Nxe5
{[%clk 00:22:27]} {[%emt 00:01:24]} 25. fxg6 {[%clk 00:14:57]} {[%emt
00:00:09]} Nxg6 {[%clk 00:20:18]} {[%emt 00:02:38]} 26. Rxh5 {[%clk 00:15:01]}
{[%emt 00:00:27]} b6 {[%clk 00:20:40]} {[%emt 00:00:08]} 27. Rg5 {[%clk
00:14:05]} {[%emt 00:01:26]} Nf4 {[%clk 00:20:08]} {[%emt 00:01:01]} 28. Rxg8
{[%clk 00:14:28]} {[%emt 00:00:08]} Rxg8 {[%clk 00:20:35]} {[%emt 00:00:02]} 29.
Nd5 {[%clk 00:14:23]} {[%emt 00:00:35]} Nxd5 {[%clk 00:20:58]} {[%emt
00:00:07]} 30. Rxd5 {[%clk 00:14:47]} {[%emt 00:00:07]} Rf8 {[%clk 00:21:15]}
{[%emt 00:00:12]} 1/2-1/2

[Event "FIDE World Cup 2025"]
[Site "Goa, India"]
[Date "2025.11.01"]
[Round "1.32"]
[White "Lagarde, Maxime"]
[Black "Amartuvshin, Ganzorig"]
[Result "1-0"]
[TimeControl ": 90 minutes for the first 40 moves, followed by 30 minutes for the rest of the gamewith an increment of 30 seconds per move starting from move 1"]
[WhiteFideId "662399"]
[BlackFideId "4902548"]
[WhiteElo "2617"]
[BlackElo "2415"]

1. c4 {[%clk 01:30:58]} {[%emt 00:00:02]} e6 {[%clk 01:30:35]} {[%emt
00:00:25]} 2. Nc3 {[%clk 01:31:23]} {[%emt 00:00:05]} d5 {[%clk 01:29:43]}
{[%emt 00:01:22]} 3. d4 {[%clk 01:30:53]} {[%emt 00:01:00]} Nf6 {[%clk
01:28:44]} {[%emt 00:01:29]} 4. Bg5 {[%clk 01:29:40]} {[%emt 00:01:43]} Be7
{[%clk 01:22:30]} {[%emt 00:06:44]} 5. e3 {[%clk 01:30:02]} {[%emt 00:00:08]}
O-O {[%clk 01:21:13]} {[%emt 00:01:47]} 6. Nf3 {[%clk 01:30:24]} {[%emt
00:00:08]} h6 {[%clk 01:20:51]} {[%emt 00:00:52]} 7. Bh4 {[%clk 01:30:23]}
{[%emt 00:00:30]} b6 {[%clk 01:16:35]} {[%emt 00:04:46]} 8. Bxf6 {[%clk
01:30:47]} {[%emt 00:00:07]} Bxf6 {[%clk 01:16:58]} {[%emt 00:00:07]} 9. cxd5
{[%clk 01:31:14]} {[%emt 00:00:03]} exd5 {[%clk 01:17:21]} {[%emt 00:00:06]} 10.
Qb3 {[%clk 01:31:41]} {[%emt 00:00:04]} c6 {[%clk 01:15:58]} {[%emt 00:01:52]}
11. Be2 {[%clk 01:27:00]} {[%emt 00:05:12]} Be6 {[%clk 01:14:08]} {[%emt
00:02:20]} 12. O-O {[%clk 01:23:03]} {[%emt 00:04:26]} Nd7 {[%clk 01:06:47]}
{[%emt 00:07:51]} 13. Ba6 {[%clk 01:19:31]} {[%emt 00:04:02]} Rb8 {[%clk
01:01:18]} {[%emt 00:06:00]} 14. a4 {[%clk 01:19:22]} {[%emt 00:00:39]} Be7
{[%clk 00:54:17]} {[%emt 00:07:30]} 15. Qc2 {[%clk 01:13:21]} {[%emt 00:06:32]}
Bd6 {[%clk 00:50:47]} {[%emt 00:03:59]} 16. h3 {[%clk 01:05:11]} {[%emt
00:08:41]} Qe7 {[%clk 00:43:12]} {[%emt 00:08:01]} 17. e4 {[%clk 00:58:57]}
{[%emt 00:06:47]} Bb4 {[%clk 00:31:04]} {[%emt 00:12:37]} 18. exd5 {[%clk
00:57:40]} {[%emt 00:01:48]} Bxd5 {[%clk 00:29:20]} {[%emt 00:02:14]} 19. Nxd5
{[%clk 00:55:22]} {[%emt 00:02:48]} cxd5 {[%clk 00:29:46]} {[%emt 00:00:04]} 20.
Qb3 {[%clk 00:53:28]} {[%emt 00:02:24]} Qd6 {[%clk 00:27:27]} {[%emt 00:02:49]}
21. Rac1 {[%clk 00:52:33]} {[%emt 00:01:26]} Rbd8 {[%clk 00:27:30]} {[%emt
00:00:27]} 22. Rc2 {[%clk 00:51:24]} {[%emt 00:01:38]} Nb8 {[%clk 00:25:26]}
{[%emt 00:02:34]} 23. Bb5 {[%clk 00:39:53]} {[%emt 00:12:01]} a6 {[%clk
00:24:06]} {[%emt 00:01:50]} 24. Bd3 {[%clk 00:39:57]} {[%emt 00:00:26]} Rc8
{[%clk 00:21:49]} {[%emt 00:02:45]} 25. Rfc1 {[%clk 00:38:59]} {[%emt
00:01:30]} Rxc2 {[%clk 00:22:13]} {[%emt 00:00:06]} 26. Rxc2 {[%clk 00:38:18]}
{[%emt 00:01:11]} Rd8 {[%clk 00:19:07]} {[%emt 00:03:37]} 27. Ne5 {[%clk
00:34:34]} {[%emt 00:04:13]} Ba5 {[%clk 00:18:48]} {[%emt 00:00:49]} 28. Bh7+
{[%clk 00:25:13]} {[%emt 00:09:51]} Kxh7 {[%clk 00:15:35]} {[%emt 00:03:44]} 29.
Nxf7 {[%clk 00:25:29]} {[%emt 00:00:13]} Qe7 {[%clk 00:14:54]} {[%emt
00:01:09]} 30. Qd3+ {[%clk 00:18:38]} {[%emt 00:07:22]} g6 {[%clk 00:15:01]}
{[%emt 00:00:24]} 31. Nxd8 {[%clk 00:18:57]} {[%emt 00:00:12]} Qxd8 {[%clk
00:15:19]} {[%emt 00:00:11]} 32. Qg3 {[%clk 00:16:24]} {[%emt 00:03:03]} b5
{[%clk 00:13:25]} {[%emt 00:02:25]} 33. b4 {[%clk 00:11:47]} {[%emt 00:05:06]}
Bb6 {[%clk 00:13:31]} {[%emt 00:00:24]} 34. a5 {[%clk 00:10:47]} {[%emt
00:01:30]} Bxd4 {[%clk 00:13:31]} {[%emt 00:00:30]} 35. Rc7+ {[%clk 00:10:38]}
{[%emt 00:00:39]} Bg7 {[%clk 00:13:27]} {[%emt 00:00:34]} 36. Qe5 {[%clk
00:09:42]} {[%emt 00:01:25]} Qf8 {[%clk 00:09:44]} {[%emt 00:04:12]} 37. Qe6
{[%clk 00:08:55]} {[%emt 00:01:16]} h5 {[%clk 00:09:34]} {[%emt 00:00:42]} 38.
g3 {[%clk 00:03:57]} {[%emt 00:05:28]} Qf5 {[%clk 00:08:16]} {[%emt 00:01:47]}
39. Qe7 {[%clk 00:03:56]} {[%emt 00:00:32]} Qb1+ {[%clk 00:08:40]} {[%emt
00:00:06]} 40. Kh2 {[%clk 00:03:52]} {[%emt 00:00:34]} Qb2 {[%clk 00:09:04]}
{[%emt 00:00:06]} 41. Qf7 {[%clk 00:02:40]} {[%emt 00:01:43]} h4 {[%clk
00:08:31]} {[%emt 00:01:03]} 42. Qf4 {[%clk 00:26:58]} {[%emt 00:06:11]} hxg3+
{[%clk 00:38:47]} {[%emt 00:00:15]} 43. Kxg3 {[%clk 00:25:36]} {[%emt
00:01:52]} Qb1 {[%clk 00:21:50]} {[%emt 00:17:26]} 44. Qf6 {[%clk 00:18:48]}
{[%emt 00:07:18]} Qg1+ {[%clk 00:21:57]} {[%emt 00:00:23]} 45. Kh4 {[%clk
00:18:45]} {[%emt 00:00:32]} g5+ {[%clk 00:21:11]} {[%emt 00:01:17]} 46. Kh5
{[%clk 00:19:04]} {[%emt 00:00:12]} Qd1+ {[%clk 00:21:15]} {[%emt 00:00:26]} 47.
f3 {[%clk 00:19:19]} {[%emt 00:00:15]} 1-0